| 000 | 00544nam a2200193 a 4500 | ||
|---|---|---|---|
| 005 | 20140310183502.0 | ||
| 008 | 100916s19uu xx 00 eng d | ||
| 020 | _a978971821427 | ||
| 050 |
_aBF 121 _b.Ag284 2008 |
||
| 100 | _aAguirre, Felisa U. | ||
| 245 |
_aIntroduction to psychology / _cFelisa U. Aguirre, et al. ; |
||
| 260 |
_aMalabon City : _bMutya Publishing House, _c2008. |
||
| 300 |
_a232 p. : _c25 cm. |
||
| 521 | _aPSYCH | ||
| 650 | _aPsychology. | ||
| 700 | _aMonce, Rosario E. | ||
| 942 |
_cBK _2lcc _kLOC |
||
| 999 |
_c23951 _d23951 |
||